Baley Jibreel (Record no. 614637)
[ view plain ]
| 000 -LEADER | |
|---|---|
| fixed length control field | 00206nam a22001097a 4500 |
| 040 ## - CATALOGING SOURCE | |
| Transcribing agency | 0 |
| 082 ## - DEWEY DECIMAL CLASSIFICATION NUMBER | |
| Classification number | 891.4391 |
| 100 ## - MAIN ENTRY--PERSONAL NAME | |
| Personal name | Iqbal |
| 9 (RLIN) | 17522 |
| 245 ## - TITLE STATEMENT | |
| Title | Baley Jibreel |
| 300 ## - PHYSICAL DESCRIPTION | |
| Extent | 224P. |
| 942 ## - ADDED ENTRY ELEMENTS (KOHA) | |
| Source of classification or shelving scheme | |
| Koha item type | Book |
| Withdrawn status | Lost status | Source of classification or shelving scheme | Damaged status | Not for loan | Permanent Location | Current Location | Date acquired | Total Checkouts | Full call number | Barcode | Date last seen | Price effective from | Koha item type |
|---|---|---|---|---|---|---|---|---|---|---|---|---|---|
| School of Chemical & Materials Engineering (SCME) | School of Chemical & Materials Engineering (SCME) | 09/08/2025 | 891.4391 | SCME-D291 | 09/08/2025 | 09/08/2025 | Book |
